Statistics for Billy Joel Lyrics Multiple Choice 2 (harder)

Click here to take the quiz!

General Stats

  • This quiz has been taken 159 times
  • The average score is 5 of 10

Answer Stats

QuestionAnswer% Correct
I'm that voice you're hearing in the hallThe Longest Time
82%
When she smiles she gives everything to meRosalinda’s Eyes
67%
There are people who have lost every trace of human kindnessAll About Soul
62%
I never claimed to be a hero, and I never said I was a saintTemptation
51%
You’re broken hearted From a long, long time agoThrough the Long Night
48%
I see the way that I’ve been spendin’ my days And reality has caught my by surpriseGot to Begin Again
45%
Life goes on and on, and tonight will soon be goneIf I Only Had the Words (To Tell You)
38%
Pick me up at the station, meet me at the trainWeekend Song
38%
Rock and roll just used to be for kicksModern Woman
29%
And when times are tough, I’ve got just enough If you’re standing right by my sideWhen in Rome
29%

Score Distribution

Percentile by Number Answered

Percent of People with Each Score

Your Score History

You have not taken this quiz